Practical considerations for RICS valuers operating in the USA (Record no. 121940)
[ view plain ]
| 000 -LEADER | |
|---|---|
| fixed length control field | 01654nam a22002657a 4500 |
| 008 - FIXED-LENGTH DATA ELEMENTS--GENERAL INFORMATION | |
| fixed length control field | 240523t2024 xxk|||||o|||| 00| 0 eng d |
| 020 ## - INTERNATIONAL STANDARD BOOK NUMBER | |
| ISBN | 9781783215263 |
| 041 ## - LANGUAGE CODE | |
| Language code of text/sound track or separate title | eng |
| 100 ## - MAIN ENTRY--PERSONAL NAME | |
| Personal author | Fothergill, Jonathan |
| 110 ## - MAIN ENTRY--CORPORATE NAME | |
| Corporate author | Royal Institution of Chartered Surveyors |
| 245 ## - TITLE STATEMENT | |
| Title | Practical considerations for RICS valuers operating in the USA |
| Medium | [Electronic resource] |
| 250 ## - EDITION | |
| Edition statement | 1st |
| 260 ## - PUBLICATION INFORMATION | |
| Place of publication | London, |
| Publisher | Royal Institution of Chartered Surveyors, |
| Date | May 2024 |
| 300 ## - PHYSICAL DESCRIPTION | |
| Physical description | 18p. |
| 490 ## - SERIES TITLE | |
| Series statement | RICS Practice Information |
| 490 ## - SERIES TITLE | |
| Series statement | RICS Red Book |
| 520 ## - ABSTRACT | |
| Abstract | This Practice Information paper has been developed by an expert group comprising USA based members with expertise of USA and global valuation standards, and provides an overview of the practical considerations and differences RICS members should be aware of if they want to undertake valuations in the USA. RICS members still need to operate in accordance with Red Book Global Standards when operating outside of their country of origin, but there are additional practical and reporting requirements when operating in the USA to ensure compliance with the Uniform Standards of Professional Appraisal Practice, which is the recognised ethical and performance standard for the appraisal profession in the USA. |
| 650 ## - KEYWORDS | |
| Keywords | VALUATION |
| 651 ## - SUBJECT ADDED ENTRY--GEOGRAPHIC NAME | |
| Geographic name | United States of America |
| 690 ## - BROAD SUBJECT | |
| Broad subject | Valuation |
| 9 (RLIN) | 6273 |
| 700 ## - ADDED PERSONAL NAME | |
| Added personal author | Fothergill, Jonathan |
| 710 ## - ADDED CORPORATE NAME | |
| Added corporate author | Royal Institution of Chartered Surveyors |
| 856 ## - ONLINE RESOURCE | |
| Uniform Resource Identifier | <a href="https://www.rics.org/profession-standards/rics-standards-and-guidance/sector-standards/valuation-standards/usa-guide-for-valuers">https://www.rics.org/profession-standards/rics-standards-and-guidance/sector-standards/valuation-standards/usa-guide-for-valuers</a> |
| Public note | Available free on RICS.org |
| 942 ## - ADDED ENTRY ELEMENTS (KOHA) | |
| Suppress in OPAC | Do not suppress in OPAC |
| Lost status | Damaged status | Not for loan | Current library | Shelving location | Date acquired | Total Checkouts | Full call number | Date last seen | Price effective from | Koha item type |
|---|---|---|---|---|---|---|---|---|---|---|
| Virtual | Online | 23/05/2024 | ONLINE PUBLICATION | 23/05/2024 | 23/05/2024 | Online material |